000 00775 a2200181 4500
003 Nust
005 20221229190834.0
020 _a81-203-2438-2
040 _cNust
082 _a621.3981,NII
100 _aNIIT
_95329
245 _aRouting and switching
_ba composite overview /
_cNIIT
260 _aNew Delhi
_bPrentice-hall
_c2004
300 _a376p
505 _aRouting fundamentals (Page-1), Routing protocols (Page-51), Configuring and troubleshooting EIGRP (Page-91), Configuring and troubleshooting OSPF (Page-129), Configuring and troubleshooting BGP (Page-181), Optimizing routing operations (Page-237), IPX traffic management and routing (Page- 291), Troubleshooting the internetwork (Page-323).
650 _aRouting and switching
_9106452
942 _2ddc
_cBK
999 _c214255
_d214255